000 00373nam a2200145Ia 4500
008 230917s9999||||xx |||||||||||||| ||und||
040 _e78466
_aMAIN
041 _aEnglish
082 _a340 S73I
100 _aSetalvad, M C
245 0 _aIndependent judiciary and a democratic state
260 _aGuwahati
_bAshok Publishing House
_c1977
300 _a108 p.
942 _cBK
999 _c58767
_d58767